Teorie obrábění pro experimentální výuku Otupování břitu, trvanlivost

Bibliographic Details
Main Author: Mádl, Jan (Author)
Format: Book
Language:Undetermined
PhysicalDescription:42 s.
Published: Praha České vysoké učení technické 1980

MARC

LEADER 00000nam a2200000 a 4500
001 vtls001311635
003 SK-MaSNL
005 20260301235321.0
008 240314s1980 xx 0 und
035 |a SNK000264014 
040 |a SNK  |b slo  |c SNK  |e AACR2 
100 1 |a Mádl, Jan  |4 aut  |9 384173 
245 1 0 |a Teorie obrábění pro experimentální výuku  |b Otupování břitu, trvanlivost 
260 |a Praha  |b České vysoké učení technické  |c 1980 
300 |a 42 s. 
958 |a OND 
999 |c 974486  |d 976416 
952 |t P60, <04>, [BOOK], {604}  |a SNK  |b SNK  |y VYP  |7 0  |p 17A0109248  |o snkIB 44836  |0 0  |1 0  |4 0  |d 1997-11-22  |l 0  |r 2005-01-02 00:00:00  |w 2026-02-24